| 000 | 00606nam a22001937a 4500 | ||
|---|---|---|---|
| 003 | CEME | ||
| 005 | 20210628204008.0 | ||
| 008 | 210113b xxu||||| |||| 00| 0 eng d | ||
| 020 | _a9780071321280 | ||
| 040 | _cceme | ||
| 082 | _a620.106 GIL | ||
| 100 |
_aGiles, R.V , Evett, J.B , Liu, C _968180 |
||
| 245 | _aSchaum's outlines fluid mechanics and hydraulics , 622 fully solved problems | ||
| 250 | _a3RD | ||
| 260 |
_aNEW DELHI _bTATA MCGRAW HILL _c2011 |
||
| 300 | _aXIII, 362P | ||
| 650 |
_aFLUID MECHANICS.HYDRAULICS.FLUID DYNAMICS.STATICS AND MECHANICS OF MATERIALS. _968181 |
||
| 942 |
_cBK _2ddc |
||
| 999 |
_c575807 _d575807 |
||